书目信息 |
| 题名: |
人物志的智慧
|
|
| 作者: | 刘 劭 原著 ;诸葛瑾主编 主编 | |
| 分册: | ||
| 出版信息: | 长春 东北师范大学出版社 2011.1 |
|
| 页数: | 296页 | |
| 开本: | 26cm | |
| 丛书名: | ||
| 单 册: | ||
| 中图分类: | C96-092 | |
| 科图分类: | ||
| 主题词: | 人才学--中国--三国时代 | |
| 电子资源: | ||
| ISBN: | 978-7-5602-6584-1 | |
| 000 | 00838nam0 22002651 45 | |
| 001 | 1359720531 | |
| 005 | 20130529083311.59 | |
| 010 | @a978-7-5602-6584-1@dCNY38.80 | |
| 100 | @a20130513d2011 em y0chiy50 ea | |
| 101 | 0 | @achi |
| 102 | @aCN@b220000 | |
| 105 | @aa z 000yy | |
| 106 | @ar | |
| 200 | 1 | @a人物志的智慧@ARen Wu Zhi De Zhi Hui@f刘劭原著@FLiu Shao Yuan Zhu@g诸葛瑾主编 |
| 205 | @a3版 | |
| 210 | @a长春@c东北师范大学出版社@d2011.1 | |
| 215 | @a296页@c图@d26cm | |
| 330 | @a本书分别从经文、注释、译文、评析和故事五大方面进行全方位、多角度解读《人物志》。 | |
| 605 | @a《人物志》@x研究 | |
| 606 | 0 | @a人才学@y中国@z三国时代 |
| 690 | @aC96-092@v5 | |
| 701 | 0 | @a刘 劭@ALiu Shao@4原著 |
| 702 | 0 | @a诸葛瑾主编@AZhu Ge Jin Zhu Bian@4主编 |
| 801 | @aCN@bTANGWEI@c20130522 | |
| 905 | @b0833556-59@dC96-092@e69=3@f4 | |
| 人物志的智慧/刘劭原著/诸葛瑾主编.-3版.-长春:东北师范大学出版社,2011.1 |
| 296页:图;26cm |
| ISBN 978-7-5602-6584-1:CNY38.80 |
| 本书分别从经文、注释、译文、评析和故事五大方面进行全方位、多角度解读《人物志》。 |
| ● |
| 相关链接 |
|
|
|
|
正题名:人物志的智慧
索取号:C96-092/69=3
 
预约/预借
| 序号 | 登录号 | 条形码 | 馆藏地/架位号 | 状态 | 备注 |
| 1 | 0833556 | 208335568 | 第一样本阅览室/ [索取号:C96-092/69=3] | 在馆 | |
| 2 | 0833557 | 208335577 | 第一借阅区/ [索取号:C96-092/69=3] | 在馆 | |
| 3 | 0833558 | 208335586 | 第一借阅区/ [索取号:C96-092/69=3] | 在馆 | |
| 4 | 0833559 | 208335595 | 第一借阅区/ [索取号:C96-092/69=3] | 在馆 |